Le Rhin / (Record no. 183305)

MARC details
000 -LEADER
campo de control de longitud fija 00691nam a22002055i 4500
001 - NÚMERO DE CONTROL
campo de control 183305
003 - IDENTIFICADOR DE NÚMERO DE CONTROL
campo de control ES-MaACL
005 - FECHA Y HORA DE LA ÚLTIMA TRANSACCIÓN
campo de control 20250716062634.0
008 - DATOS DE LONGITUD FIJA--INFORMACIÓN GENERAL
campo de control de longitud fija 140225q18901910fr |||| | fre d
100 1# - ENTRADA PRINCIPAL--NOMBRE DE PERSONA
Nombre de persona Hugo, Victor,
Fechas asociadas al nombre 1802-1885
9 (RLIN) 64627
245 13 - MENCIÓN DEL TÍTULO
Título Le Rhin /
Mención de responsabilidad, etc. Victor Hugo.
260 ## - PUBLICACIÓN, DISTRIBUCIÓN, ETC.
Lugar de publicación, distribución, etc. Paris :
Nombre del editor, distribuidor, etc. J. Hetzel,
Fecha de publicación, distribución, etc. [s.a.]
300 ## - DESCRIPCIÓN FÍSICA
Extensión 3 vol. ;
Dimensiones 18 cm.
490 1# - MENCIÓN DE SERIE
Mención de serie Oeuvres complètes de Victor Hugo. En voyage
596 ## - NOTA AL PIE DE IMPRENTA
NOTA AL PIE DE IMPRENTA Probablemente impreso en la última década del siglo XIX o primera del XX.
651 #4 - PUNTO DE ACCESO ADICIONAL DE MATERIA--NOMBRE GEOGRÁFICO
Nombre geográfico Rin (Valle)-
Subdivisión general Descripción.
9 (RLIN) 154431
830 0# - PUNTO DE ACCESO ADICIONAL DE SERIE-TÍTULO UNIFORME
Título uniforme Oeuvres complètes de Victor Hugo. En voyage
9 (RLIN) 224966
852 ## - LOCALIZACIÓN
Ubicación ES-MaACL
Número de control de estantería G-3135-37
Holdings
Estatus retirado Estado de pérdida Estado de daño No para préstamo Biblioteca de origen Biblioteca actual Ubicación en estantería Fecha de adquisición Fuente de adquisición Total de préstamos Signatura topográfica completa Código de barras Visto por última vez Precio de reemplazo Tipo de ítem Koha
        Biblioteca del Ateneo de Madrid Biblioteca del Ateneo de Madrid Depósito 2 25/02/2014     G-3135-37 1192657 23/02/2023 23/02/2023 Libro impreso